000
00311nam a22001337a 4500
020
_a
0-13-693797-7
082
_a
621.3675 SAX'P
100
_a
SAXBY, GRAHAM
_9
67227
245
_a
PRACTICAL HOLOGRAPHY
260
_a
NEWYORK
_b
PRENTICE HALL
_c
1988
300
_a
488P
650
_a
HOLOGRAPHY
_9
67228
942
_c
BK
999
_c
575051
_d
575051